| 000 | 01481nmc a2200529 a 4500 | ||
|---|---|---|---|
| 003 | AR-BaBNM | ||
| 005 | 20251128211228.0 | ||
| 008 | 213020s1994 ||||||||||||||000 | spa|| | ||
| 020 | _a950-02-8437-5 | ||
| 040 | _cAR-BaBNM | ||
| 245 | 1 | 0 |
_aCómo se escribe un poema _bespañol y portugués |
| 260 |
_aBuenos Aires _bEl Ateneo _c1994 |
||
| 300 | _axiv, 194 p. | ||
| 490 | 0 | _aEl taller del escritor | |
| 650 | 4 | _aLITERATURA MEXICANA | |
| 650 | 4 | _aANALISIS LITERARIO | |
| 650 | 4 | _aPOESIA | |
| 650 | 4 | _aLITERATURA ESPANOLA | |
| 650 | 4 | _aLITERATURA PORTUGUESA | |
| 650 | 4 | _aLITERATURA CHILENA | |
| 650 | 4 | _aLITERATURA ARGENTINA | |
| 653 | _aLITERATURA PERUANA | ||
| 653 | _aLITERATURA NICARAGÜENSE | ||
| 653 | _aLITERATURA BRASILEÑA | ||
| 653 | _aLITERATURA CUBANA | ||
| 655 | _aLITERATURA | ||
| 700 | 1 |
_aRusso, Edgardo _ecompilador |
|
| 700 | 1 |
_aFreidemberg, Daniel _ecompilador |
|
| 700 | 1 | _aDarío, Rubén | |
| 700 | 1 | _aMachado, Antonio | |
| 700 | 1 | _aPessoa, Fernando | |
| 700 | 1 | _aVallejo, César | |
| 700 | 1 | _aHuidobro, Vicente | |
| 700 | 1 | _aOrtiz, Juan L. | |
| 700 | 1 | _aGarcía Lorca, Federico | |
| 700 | 1 | _aBorges, Jorge Luis | |
| 700 | 1 | _aDrummond de Andrade, Carlos | |
| 700 | 1 | _aNeruda, Pablo | |
| 700 | 1 | _aLezama Lima, José | |
| 700 | 1 | _aPaz, Octavio | |
| 700 | 1 | _aGirri, Alberto | |
| 700 | 1 | _aCardenal, Ernesto | |
| 700 | 1 | _aCampos, Haroldo de | |
| 700 | 1 | _aPizarnik, Alejandra | |
| 942 | _cBK | ||
| 998 | _cLaura | ||
| 999 |
_c18816 _d18816 |
||